Parteivorsitzende der CSU - Statistiken

Allgemein
  • Dieses Quiz wurde 86 mal gespielt
  • Das Durchschnittsergebnis liegt bei 4 aus 9
Antwortstatistiken
Amtszeit Vorsitzender % Korrekt
2019-heute Markus Söder
97%
1999-2007 Edmund Stoiber
80%
2008-2019 Horst Seehofer
79%
1961-1988 Franz Josef Strauß
76%
2007-2008 Erwin Huber
32%
1988-1999 Theo Waigel
25%
1949-1955 Hans Erhard
13%
1946-1949 Josef Müller
12%
1955-1961 Hanns Seidel
11%
Keine übereinstimmenden Quizze gefunden
Verteilung der Resultate
Anzahl Personen mit jedem Resultat
Perzentil nach korrekt beantworteten Fragen
Ihre Resultats-Entwicklung
Sie haben dieses Quiz noch nicht gespielt